000
00327nam a2200133Ia 4500
008
191201s2015 xx 000 0 und d
082
_a
537.6
_b
NES
100
_a
NEAMEN, Donald A.
245
0
_a
Semiconductor Physics and Devices
260
_a
New Delhi
_b
TMH
_c
2015
300
_a
758
650
_a
B.Tech CSE
942
_2
ddc
_c
BK
999
_c
13023
_d
13023